INDIAN ECONOMICS (Record no. 9569)

MARC details
000 -LEADER
fixed length control field 00306nam a22001457a 4500
003 - CONTROL NUMBER IDENTIFIER
control field SGT
082 ## - DEWEY DECIMAL CLASSIFICATION NUMBER
Classification number 330.954,MYN
100 ## - MAIN ENTRY--PERSONAL NAME
Personal name MYNENI,S.R
245 ## - TITLE STATEMENT
Title INDIAN ECONOMICS
250 ## - EDITION STATEMENT
Edition statement 5TH
260 ## - PUBLICATION, DISTRIBUTION, ETC. (IMPRINT)
Place of publication, distribution, etc FARIDABAD
Name of publisher, distributor, etc ALLAHABAD LAW AGENCY
Year of Publication 2013
300 ## - PAGE DESCRIPTION
No. of Pages 2013
650 ## - SUBJECT ADDED ENTRY--TOPICAL TERM
Topical term or geographic name as entry element ECONOMICS
942 ## - ADDED ENTRY ELEMENTS (KOHA)
Source of classification or shelving scheme Dewey Decimal Classification
Koha item type Books
942 ## - ADDED ENTRY ELEMENTS (KOHA)
-- 3
Holdings
Withdrawn status Lost status Source of classification or shelving scheme Damaged status Not for loan Collection code Home library Current library Shelving location Date acquired Vendor Name Cost, normal purchase price SGTU Bill Number Full call number Accession No. (Barcode) Date last seen Bill Date Koha item type Total Checkouts Total Renewals Date last borrowed
    Dewey Decimal Classification   Not For Loan LAW SGT Science & Social Sciences Library SGT Science & Social Sciences Library Reference Book 21/07/2016 SATYAM BOOKS 275.00 SGTU 985 330.954,MYN FL77 21/07/2016 22/01/2014 Books      
    Dewey Decimal Classification     LAW SGT Science & Social Sciences Library SGT Science & Social Sciences Library Text Book 21/07/2016 SATYAM BOOKS 275.00 SGTU 985 330.954,MYN FL78 25/02/2026 22/01/2014 Books 12 5 24/02/2026
    Dewey Decimal Classification     LAW SGT Science & Social Sciences Library SGT Science & Social Sciences Library Text Book 21/07/2016 SATYAM BOOKS 275.00 SGTU 985 330.954,MYN FL79 14/02/2025 22/01/2014 Books 6   11/02/2025
  Lost and Paid For Dewey Decimal Classification     LAW SGT Science & Social Sciences Library SGT Science & Social Sciences Library Text Book 21/07/2016 SATYAM BOOKS 275.00 SGTU 985 330.954,MYN FL80 04/11/2019 22/01/2014 Books 4 2 15/10/2019
    Dewey Decimal Classification     LAW SGT Science & Social Sciences Library SGT Science & Social Sciences Library Text Book 21/07/2016 SATYAM BOOKS 275.00 SGTU 985 330.954,MYN FL81 26/09/2024 22/01/2014 Books 14 5 22/08/2024